| 000 | 00545nam a22001817a 4500 | ||
|---|---|---|---|
| 003 | CEME | ||
| 005 | 20210628203232.0 | ||
| 008 | 210119b xxu||||| |||| 00| 0 eng d | ||
| 020 | _a0-07-137564-3 | ||
| 040 | _cceme | ||
| 082 | _a384.54 YOD | ||
| 100 |
_aYoder , Andrew _964169 |
||
| 245 | _aPirate radio station , tuning in to underground broadcasts in the air and online | ||
| 260 |
_aNEW YORK _bMCGRAW HILL _c2002 |
||
| 300 | _aXIII,367 P | ||
| 650 |
_aTUNING IN TO UNDERGROUND BROADCASTS IN THE AIR AND ONLINE _964170 |
||
| 942 |
_cBK _2ddc |
||
| 999 |
_c572762 _d572762 |
||